Οι φυσικές επιστήμες στον Μεσαίωνα

Saved in:
Bibliographic Details
Main Author: Grant, Edward, 1926-
Format: Book
Language:Greek
English
Published: Ηράκλειο : Πανεπιστημιακές Εκδόσεις Κρήτης, 1994.
Series:Ιστορία και φιλοσοφία της επιστήμης
Subjects:
Tags: Add Tag
No Tags, Be the first to tag this record!

MARC

LEADER 00000cam a2200000 i 4500
001 1/42443
008 950309s1994 gr | ||| |||| ||gre||
020 |a 9607309499 
035 |1 ΕΛΗ  |a 1995  |b 0309  |c Βιβλιοθήκη  |l 10041767 
035 |a 1998  |b 1  |c ΚΠΣ/Δημοτικής Εκπαίδευσης 
035 |a 1998  |b 1  |c ΚΠΣ/Νηπιαγωγών 
040 |a GR-MyUa  |b gre  |e AACR2 
041 1 |a gre  |h eng 
082 7 |a 500.209   |2 (21) 
082 7 |a 501   |2 (22)  
082 7 |a 509.4   |2 (22) 
100 1 |a Grant, Edward,   |d 1926- 
245 1 3 |a Οι φυσικές επιστήμες στον Μεσαίωνα /   |c Edward Grant ; μετάφραση Ζήσης Σαρίκας ; επιστημονική επιμέλεια Βασίλης Κάλφας, Πέτρος Δήτσας.  
260 |a Ηράκλειο :   |b Πανεπιστημιακές Εκδόσεις Κρήτης,   |c 1994.  
300 |a xiii, 190 σ. ;   |c 21 εκ. 
490 1 |a (Ιστορία και φιλοσοφία της επιστήμης) 
500 |a Τίτλος πρωτοτύπου: Physical science in the Middle Ages.  
504 |a Βιβλιογραφία: σ. [141]-173. Ευρετήρια. 
650 0 |a Physical sciences  |x History. 
650 0 |a Science, Medieval. 
830 0 |a Ιστορία και φιλοσοφία της επιστήμης 
852 |a INST  |b LESVOS  |e 19960507  |h 501 GRA  |p 005100010732  |q 005100010732  |t BK  |y 0 
852 |a INST  |b RHODES  |e 19980520  |h 509.4 GRA  |p 005400006413  |q 005400006413  |t BK  |y 0 
852 |a INST  |b RHODES  |e 19980326  |h 509.4 GRA  |p 005400010907  |q 005400010907  |t BK  |y 0 
852 |a INST  |b SAMOS  |e 19950309  |h 500.209 GRA  |p 005300005643  |q 005300005643  |t BK  |y 0 
852 |a INST  |b SYROS  |e 20041220  |h 500.209 GRA  |p 005500004317  |q 005500004317  |t BK  |y 0 
901 |a BIBL5-2004-3 
901 |a BIBL-1998-1 
920 |a Διεύρυνση  |b ΕΠΕΑΕΚ-ΤΜΣΠΣ  |y Σύρος  |z 2004-10 
922 |a 1ΕΛΗ  |b 199512  |c Ανανιάδης 
950 |a 145/1995-10-24 
970 |a Κοντού  |b Παρασκευή  |z 20/12/2004